Biblioteca ESET

La quinta ola (Registro nro. 650)

Detalles MARC
000 -CABECERA
fixed length control field 00709nam a2200253Ia 4500
003 - CONTROL NUMBER IDENTIFIER
control field AR-BeUNQ
005 - FECHA Y HORA DE LA ULTIMA TRANSACCION
control field 20250530152444.0
008 - ELEMENTOS DE LONGITUD FIJA-INFORMACION GENERAL
fixed length control field 221202s9999 xx 000 0 und d
020 ## - NUMERO INTERNACIONAL NORMALIZADO PARA LIBROS
Número Internacional Normalizado del libro 9785492955282
040 ## - FUENTE DE CATALOGACION
Agencia de catalogación original AR-BeUNQ
Idioma de catalogación ESPAÑOL
Convenciones de la descripción aacr
Agencia que realiza la transcripción AR-BeUNQ
100 ## - ASIENTO PRINCIPAL-NOMBRE PERSONAL
Nombre personal Yancey, Rick
245 #0 - MENCION DE TITULO
Título La quinta ola
250 ## - MENCION DE EDICION
Mención de edición 1a ed.
260 ## - PUBLICACION, DISTRIBUCION, ETC.
Lugar de publicación, distribución, etc. Ciudad Autónoma de Buenos Aires
Nombre del editor, distribuidor, etc. RBA
Fecha de publicación, distribución, etc 2015
300 ## - DESCRIPCION FISICA
Extensión 474 p. ;
Dimensiones 23 x 15 cm
546 ## - NOTA DE IDIOMA
Nota de idioma Español
650 ## - ASIENTO SECUNDARIO DE MATERIA - TERMINO TEMATICO
Fuente del encabezamiento o términ spines
Término temático o nombre geográfico como elemento de entrada Narrativa
651 ## - ASIENTO SECUNDARIO DE MATERIA - NOMBRE GEOGRAFICO
Fuente del encabezamiento o término unescot
Nombre geográfico Argentina
653 ## - TERMINO DE INDIZACION - NO CONTROLADO
Término de indización no controlado Ciencia Ficcion
653 ## - TERMINO DE INDIZACION - NO CONTROLADO
Término de indización no controlado Narrativa estadounidense
700 ## - ASIENTO SECUNDARIO - NOMBRE DE PERSONA
Personal name Ramirez Tello, Pilar
929 ## - DATOS DE ADQUISICION
Proveedor Campaña 2022 UNQ
Fecha de recibido 2022
Procedencia DONACION
Patrimonio UNQ PAT0081592
Precio 0
Número de inventario 59721
942 ## - ELEMENTOS DE PUNTO DE ACCESO ADICIONAL (KOHA)
Tipo de ítem Koha Libros
Suppress in OPAC 0
Existencias
Estado de retiro Estado de pérdida Fecha de ingreso Total Checkouts Signatura topográfica completa Inventario Date last seen Tipo de ítem Koha
    02/12/2022   813 YAN 59721 02/12/2022 Libros

ESET UNQ

☏ 4365-7188
 Avenida República de Francia 1714 entre Doctor Kenny y Concordia, Ezpeleta, Bs As.
✉ secretaria_eset@unq.edu.ar

Con tecnología Koha